Регионална библиотека "Любен Каравелов" - Русе

От тавана на Европа (Запис номер 79330)

MARC детайли
000 -Лидер
Контролно поле с фиксирана дължина 01162nam a2200301 c 4500
003 - Код на организацията, давaща контролен номер
Контролно поле BLK
005 - Дата и час на последна редакция
Контролно поле 20180420224434.0
008 - Елементи от данни с фиксирана дължина
fixed length control field 180408b bul|||||r ||||||| ||bul||
010 ## - Наследен системен номер
LC control number KNG00083804000
020 ## - Международен стандартен номер на книга ISBN
Международен стандартен номер на книга ISBN 978-954-524-613-5
-- издат.: Унив. изд. Св. св. Кирил и Методий
040 ## - Източник на каталожния запис
Идентификатор на билиотеката - собственик на записа BLK
041 ## - Код за език
Код за езика на текст/звукозапис или на отделно заглавие Български
Код за езика КДБФ Български
080 ## - УДК
Текстов определител УДК Словашка литература
УДК код - определител по УДК 821.162.4
УДК определител -32
УДК - код + определител 821.162.4-32
100 1# - Редна дума - Автор
Автор Групач, Мариян
Авторска отговорност първи автор
R(LIN) 56825
139 ## - Редно поле
Редна дума Групач, Мариян
Авторски знак Гру - Г 88
245 10 - Сведения за заглавието
Заглавие От тавана на Европа
Редно поле (дума) Мариян Групач; прев. от словаш. Марияна Бранкова.
257 ## - Страна на издаване
Страна на създаване/издаване Словакия
260 ## - Област на издателските данни
-- В. Търново
Име на издателя, разпространителя и проч. Унив. изд. Св. св. Кирил и Методий
Година на издаване 2007
300 ## - Физическа характеристика
Страници 95 с.
Размери/Мащаб 21 см
380 ## - Жанр
Жанр Худож. лит.
500 ## - Общи забележки
Забележка Без сведение за ориг. загл.
700 1# - Други автори (авторска отговорност)
Лично име Бранкова, Марияна
Автороска отговорност (Описва отношението между автора и произведението) прев. от словаш.
9 (RLIN) 299127
852 ## - Местоположение
Форматна сигнатура Цб 239988
856 4# - Електронен адрес и достъп
Електронен формат pdf - файл
Път до файла /url/
856 4# - Електронен адрес и достъп
Електронен формат pdf - файл
Път до файла /url/
942 ## - АРТИКУЛИ
Вид на библиотечния материал Книги
Скрит в OPAC Не
Koha issues (borrowed), all copies 1
944 ## - СЪЗДАВАНЕ И РЕДАКЦИЯ на ЗАПИСА
Създаване/Редакция Създаване
Дата на регистрацията/редакция 19.05.2008
Служител, извършил регистрацията/редакцията Геновева_Генчева
944 ## - СЪЗДАВАНЕ И РЕДАКЦИЯ на ЗАПИСА
Създаване/Редакция Редакция
Дата на регистрацията/редакция 02.04.2009
Служител, извършил регистрацията/редакцията
999 ## - СИСТЕМНИ КОНТРОЛНИ НОМЕРА
Koha biblionumber 79330
Koha biblioitemnumber 79330
Наличности
Код за отписване Код за изгубен артикул Източник на класификационната схема Код за повреда Коз за рестрикции Код за отдаване Артикулен № Име на библиотеката - собственик Име на библиотеката, в която се намира в момента Статус (Текущо местоположение) Дата на вписване в системата Местоположение - отдел Цена в лева Инвентарен номер Систематично азбучна сигнатура Баркод Номер на екземпляра Цена в евро Служебна бележка Служебен тип на артикула
  Не е изгубен Universal Decimal Classification Не е повреден без рестрикции заемане за дома 128387 Регионална библиотека "Любен Каравелов" Русе Регионална библиотека "Любен Каравелов" Русе Заемна - подръчен фонд 2008-05-19 Заемна - подръчен фонд 5.00 120000726384 П 885.4-32/Г 88 120000726384 1 2.56 Дост: Pk Вид: Ф N: 3669 Дата: 14.05.2008 Дата инв: 08.02.2018 Бележки инв: П2018 Книги
Vip Innovations Ltd, Rousse, Bulgaria 2025